000 00741nam a2200241Ia 4500
003 OSt
005 20220923212322.0
006 a|||||r|||| 00| 0
007 ta
008 220922b |||||||| |||| 00| 0 hin d
024 _a152,201
037 _cTextual
040 _aARTS
_cARTS
_bhin
041 _2hin
_ahin
082 _a/\25, J4
100 _aकाशिकेव, रूद्
_9156275
245 0 _aनाथ सिद्वो की बानियां
246 _aNāth sidvo kī bāniyāan
260 _c1954
650 _aआध्यात्मिक अनुभव और रहस्यवाद
942 _h/\25, J4
_cTEXL
_2CC
999 _c307850
_d307850